| 000 | 00797nam a2200193 a 4500 | ||
|---|---|---|---|
| 001 | 000865355 | ||
| 003 | AM-YeHGA | ||
| 005 | 20250617145133.0 | ||
| 008 | 120207s1973 ||| r 000 0 rus d | ||
| 040 | _aAM-YeHGA | ||
| 041 | 0 | _arus | |
| 245 | 0 | 0 |
_aПрименение интегральных схем в устройствах автоматики и телемеханики : _bТезисы докладов научно-технической конференции / _cКабард.-Балкар. обл. совет НТО. |
| 260 |
_aНальчик : _bЭльбрус, _c1973. |
||
| 300 |
_a120 с. : _bил. |
||
| 504 | _aБиблиогр. : с. 119 | ||
| 653 | 0 | _aИнтегральные схемы | |
| 653 | 0 | _aАвтоматика и телемеханика | |
| 090 | _c308518 | ||
| 999 |
_c306810 _d306810 |
||